| 000 | 01062nam a22002777a 4500 | ||
|---|---|---|---|
| 005 | 20170123162341.0 | ||
| 010 | _aB-029377 | ||
| 020 |
_c112.00 _a8123008007 |
||
| 035 | _aB-029377 | ||
| 037 | _bCen Lib/Ret | ||
| 040 |
_aDPL _bUR |
||
| 082 |
_a844 _b ف ا ر |
||
| 100 |
_a فاروقى، محبوب الرحمن _9120415 |
||
| 245 |
_aاجكل كے مضامين / _cمحبوب الرحمن فاروقى، محمد كاظم |
||
| 246 |
_aAjkal ke mazameen / _bby Mahboob-Ur-Rahman [and] Mohammad Kazim |
||
| 260 |
_aنیی دہلی _bپبلى كيشنز ڈويژن، وزارت اطلاعات و نشريات _c1999 |
||
| 270 |
_bنیی دہلی _e110002 |
||
| 300 |
_a216p. _c21cm(Hb) |
||
| 490 | _aآجکل سیریز -٢ | ||
| 650 |
_aادب -- اردو _9127159 |
||
| 650 |
_a اردو ادب - تاریخ اور تنقید. _9127160 |
||
| 650 |
_aUrdu literature _9127161 |
||
| 650 |
_aUrdu literature -- History and criticism. _9127162 |
||
| 700 |
_aمحمّد کازم _9127163 |
||
| 942 |
_2ddc _cUR _h844 _m ف ا ر |
||
| 999 |
_c108495 _d108495 |
||